000
00337nam a2200133Ia 4500
008
240624s9999 xx 000 0 und d
041
_a
eng
082
_a
658.827 CHI
100
_a
CHIARAVALLE BILL
245
_a
BRANDING FOR DUMMIES
260
_c
2007
_a
New Delhi
_b
Wiley India
300
_a
xviii, : 364 : p. : cm. ; 23
365
_c
_b
20
999
_c
16030
_d
16030